000 01182nam0a22003131 4500
001 RU\INFOCOMM_322\NLR\5000099778
005 20250613104836.0
035 _a(NLR Aleph) 009514874
090 _a8789870
_c8789870
100 _a20121210d1989 |||y0rusy50 ca
101 1 _aeng
102 _aRU
105 _ay z |||||
200 1 _aCooperatives
_eWork a. initiative
_fMiroslav Kondratyev
_g[Transl. by Margarita Latsinova]
210 _aM.
_c"Novosti" press agency publ. house
_d1989
215 _a31 с.
_d19 см
225 1 _aPerestroika: What's new in legislation
300 _aВ вып. дан.: Кооперация: Труд и предприимчивость / Мирослав Николаевич Кондратьев
300 _aНа обл. сост. не указан
606 0 _aКооперация
_xПравовые вопросы
_yСССР
_2nlr_sh1
620 _aМосква
686 _aХ623.012.29
_2rubbk
700 1 _9z01790
_aKondrat'ev
_bM. N.
_gMiroslav Nikolaevič
790 1 _9z01700
_aKondratyev
_bM.
_gMiroslav
_4070
801 1 _aRU
_bNLR
_c20121210
801 0 _aRU
_bINFOCOMM
_gPSBO
852 _aNLR
_jП61 Д-4/71
942 _cBOOK
980 _aNB